| 000 | 01446cam a22003735i 4500 | ||
|---|---|---|---|
| 999 |
_c14900 _d14900 |
||
| 001 | 15352983 | ||
| 003 | EG-ScBUE | ||
| 005 | 20210104141607.0 | ||
| 008 | 080702t20082008enk f 000 1 eng d | ||
| 020 | _a0141038551 | ||
| 020 | _a9780141038551 | ||
| 040 |
_aDLC _beng _erda _cDLC _dDLC _dEG-ScBUE |
||
| 043 | _ae-uk--- | ||
| 082 | 0 | 4 |
_a813.54 _bPEN _222 |
| 100 | 1 |
_aPenman, Sharon Kay, _eauthor. _921843 |
|
| 245 | 1 | 0 |
_aDevil's Brood / _cSharon Penman. |
| 264 | 1 |
_aLondon : _bPenguin Books, _c[2008] |
|
| 264 | 4 | _cc2008 | |
| 300 |
_a834 pages ; _c24 cm |
||
| 336 |
_atext _2rdacontent _btxt |
||
| 337 |
_aunmediated _bn _2rdamedia |
||
| 338 |
_avolume _bnc _2rdacarrier |
||
| 600 | 0 | 0 |
_aHenry _bII, _cKing of England, _d1133-1189 _vFiction. _921844 |
| 600 | 0 | 0 |
_aEleanor, _cof Aquitaine, Queen, consort of Henry II, King of England, _d1122?-1204 _vFiction. _921845 |
| 650 | 7 |
_aMarriages of royalty and nobility _vFiction. _2BUEsh _921846 |
|
| 650 | 7 |
_aGreat Britain _xKings and rulers _xFamily relationships _vFiction. _2BUEsh _921847 |
|
| 651 | 7 |
_aGreat Britain _xHistory _yHenry II, 1154-1189 _vFiction. _2BUEsh _921848 |
|
| 653 |
_bHHUUEENN _bGGEN _cJanuary2021 |
||
| 655 | 7 |
_aBiographical fiction. _2gsafd |
|
| 655 | 7 |
_aHistorical fiction. _2gsafd |
|
| 942 |
_2ddc _cBB |
||